000 00327nam a2200109Ia 4500
008 171211s9999 xx 000 0 und d
245 _aMatters of Fact in Jane Austen: History, Location, and Celebrity
245 _cJanine Barchas
260 _c2012
650 _xCULTURE
856 _uhttp://down.ebook777.com/063/1421406403.pdf
999 _c347807
_d347807